[Event "Chigorin Memorial 27th"]
[Site "St Petersburg"]
[Date "2019.10.12"]
[Round "8"]
[White "Zabolotnov, Evgeny"]
[Black "Kardashevskiy, Evgeny"]
[Result "0-1"]
[WhiteElo "2255"]
[BlackElo "2428"]
[PlyCount "46"]
[EventDate "2019.10.05"]
[EventType "swiss"]
[EventRounds "9"]
[EventCountry "RUS"]
[SourceTitle "EXT 2021"]
[Source "ChessBase"]
[SourceDate "2020.10.23"]
[SourceVersion "1"]
[SourceVersionDate "2020.10.23"]
[SourceQuality "1"]

1. d4 Nf6 2. c4 e6 3. Nf3 d5 4. Nc3 dxc4 5. e4 b5 6. e5 Nd5 7. Nxb5 Nb6 8. Be2 Nc6 9. 0-0 Be7 10. Qd2 Bb7 11. Qf4 Qd7 12. Rd1 g5 13. Nxg5 Bxg5 14. Qxg5 Ne7 15. d5 Nbxd5 16. Nc3 Rg8 17. Qd2 Rxg2+ 18. Kxg2 Nxc3+ 19. f3 Nxd1 20. Qxd7+ Kxd7 21. Bxd1 Ng6 22. Be3 Nxe5 23. Be2 Bd5 0-1

[Event "Chigorin Memorial 27th"]
[Site "St Petersburg"]
[Date "2019.10.07"]
[Round "3"]
[White "Zabolotnov, Evgeny"]
[Black "Strukova, Ksenia"]
[Result "1-0"]
[WhiteElo "2255"]
[BlackElo "2002"]
[PlyCount "97"]
[EventDate "2019.10.05"]
[EventType "swiss"]
[EventRounds "9"]
[EventCountry "RUS"]
[SourceTitle "EXT 2020"]
[Source "ChessBase"]
[SourceDate "2019.10.17"]
[SourceVersion "1"]
[SourceVersionDate "2019.10.17"]
[SourceQuality "1"]

1. d4 Nf6 2. c4 g6 3. Nc3 Bg7 4. e4 d6 5. f3 0-0 6. Be3 e5 7. d5 c6 8. Bd3 cxd5 9. cxd5 Nh5 10. Nge2 f5 11. exf5 gxf5 12. Qd2 Nd7 13. 0-0 b6 14. Bg5 Bf6 15. Bh6 Ng7 16. b4 a5 17. a3 Rf7 18. Ng3 Nf8 19. Qc2 Rc7 20. Nge2 Rf7 21. Rac1 Ng6 22. Nb5 axb4 23. axb4 Ne7 24. Qc7 Qxc7 25. Rxc7 Ba6 26. Bc4 Ne8 27. Rd7 f4 28. g4 fxg3 29. Nxg3 Ng6 30. Rxf7 Kxf7 31. Ne4 Be7 32. Be3 Bxb5 33. Bxb5 Nc7 34. Bc6 Ra2 35. Bxb6 Na6 36. b5 Nb4 37. Bc7 Nf4 38. b6 Na6 39. Bb5 Nxd5 40. Bxa6 Nxb6 41. Bxb6 Rxa6 42. Bf2 d5 43. Nc5 Ra2 44. Nd3 Bf6 45. h4 e4 46. fxe4 Rd2 47. Nf4 Rxf2 48. Kxf2 Bxh4+ 49. Ke2 1-0

[Event "Chigorin Memorial 26th"]
[Site "St Petersburg"]
[Date "2018.11.04"]
[Round "9"]
[White "Salemgareev, Tagir"]
[Black "Zabolotnov, Evgeny"]
[Result "1-0"]
[WhiteElo "2381"]
[BlackElo "2064"]
[PlyCount "71"]
[EventDate "2018.10.27"]
[EventType "swiss"]
[EventRounds "9"]
[EventCountry "RUS"]
[SourceTitle "CBM 187 Extra"]
[Source "ChessBase"]
[SourceDate "2018.11.04"]
[SourceVersion "1"]
[SourceVersionDate "2018.11.04"]
[SourceQuality "1"]

1. Nf3 d5 2. e3 Nf6 3. c4 c6 4. Nc3 g6 5. d4 Bg7 6. Be2 0-0 7. 0-0 Bg4 8. cxd5 cxd5 9. Qb3 Bc8 10. Bd2 Nc6 11. Rfc1 Na5 12. Qa3 Nc6 13. Be1 e5 14. Nxe5 Nxe5 15. dxe5 Ng4 16. Rd1 Bxe5 17. h3 Nf6 18. Bf3 Be6 19. Ne2 Qb6 20. Bc3 Bxc3 21. Qxc3 Kg7 22. Nf4 Rac8 23. Qe5 h6 24. Bxd5 Rc5 25. b4 Qxb4 26. Rab1 Qa5 27. Rxb7 Bxd5 28. Rxd5 Re8 29. Ne6+ Rxe6 30. Qxe6 Rc1+ 31. Kh2 Qxd5 32. Rxf7+ Kg8 33. Rxf6+ Qxe6 34. Rxe6 Rc2 35. Rxg6+ Kh7 36. Ra6 1-0

[Event "Chigorin Memorial 26th"]
[Site "St Petersburg"]
[Date "2018.10.29"]
[Round "3"]
[White "Pershin, Denis"]
[Black "Zabolotnov, Evgeny"]
[Result "1-0"]
[WhiteElo "2397"]
[BlackElo "2064"]
[PlyCount "69"]
[EventDate "2018.10.27"]
[EventType "swiss"]
[EventRounds "9"]
[EventCountry "RUS"]
[SourceTitle "CBM 187 Extra"]
[Source "ChessBase"]
[SourceDate "2018.11.04"]
[SourceVersion "1"]
[SourceVersionDate "2018.11.04"]
[SourceQuality "1"]

1. e4 c6 2. d4 d5 3. e5 c5 4. dxc5 e6 5. a3 Nc6 6. Nf3 Bxc5 7. b4 Bb6 8. Bd3 Nge7 9. 0-0 Ng6 10. Re1 0-0 11. Bb2 f6 12. exf6 gxf6 13. c4 dxc4 14. Bxc4 Qxd1 15. Rxd1 Nce5 16. Nxe5 Nxe5 17. Bb3 Kg7 18. Nc3 Bd7 19. Ne4 Bc6 20. Nd6 Ng4 21. Bd4 e5 22. Bxb6 axb6 23. h3 Nh6 24. b5 Bd7 25. a4 Nf5 26. Nxf5+ Bxf5 27. Rd6 Rfd8 28. Rxb6 Bc8 29. a5 Rd2 30. Rc1 Rd4 31. Rc7+ Kg6 32. Bg8 h5 33. h4 Rxh4 34. a6 bxa6 35. Bd5 1-0

[Event "St Petersburg Korchnoi Memorial op"]
[Site "St Petersburg"]
[Date "2018.08.22"]
[Round "8"]
[White "Zabolotnov, Evgeny"]
[Black "Eynullayev, Altay Elshan"]
[Result "1-0"]
[WhiteElo "2047"]
[BlackElo "2180"]
[PlyCount "49"]
[EventDate "2018.08.15"]
[EventType "swiss"]
[EventRounds "9"]
[EventCountry "RUS"]
[SourceTitle "CBM 186 Extra"]
[Source "ChessBase"]
[SourceDate "2018.08.24"]
[SourceVersion "1"]
[SourceVersionDate "2018.08.24"]
[SourceQuality "1"]

1. d4 Nf6 2. c4 e6 3. Nf3 c5 4. d5 exd5 5. cxd5 d6 6. Nc3 g6 7. e4 a6 8. a4 Bg4 9. Be2 Bxf3 10. Bxf3 Bg7 11. 0-0 0-0 12. Bf4 Qe7 13. Re1 Nbd7 14. Qd2 Rab8 15. Be2 Rfe8 16. a5 h5 17. Bg5 Qf8 18. Bd3 Nh7 19. Bf4 Qe7 20. Bh6 Bf6 21. f4 Bd4+ 22. Kh1 Ndf6 23. Be2 Bxc3 24. Qxc3 Nxe4 25. Qg7# 1-0

[Event "St Petersburg Korchnoi Memorial op"]
[Site "St Petersburg"]
[Date "2018.08.20"]
[Round "6"]
[White "Zabolotnov, Evgeny"]
[Black "Shafigullina, Zarina"]
[Result "0-1"]
[WhiteElo "2047"]
[BlackElo "2229"]
[PlyCount "74"]
[EventDate "2018.08.15"]
[EventType "swiss"]
[EventRounds "9"]
[EventCountry "RUS"]
[SourceTitle "CBM 186 Extra"]
[Source "ChessBase"]
[SourceDate "2018.08.24"]
[SourceVersion "1"]
[SourceVersionDate "2018.08.24"]
[SourceQuality "1"]

1. d4 Nf6 2. c4 e6 3. Nf3 b6 4. g3 Ba6 5. Qc2 Bb4+ 6. Bd2 Be7 7. e4 d5 8. cxd5 Bxf1 9. Kxf1 exd5 10. e5 Ne4 11. Nc3 Nxd2+ 12. Qxd2 0-0 13. Kg2 c6 14. h4 f6 15. e6 Na6 16. h5 Nc7 17. Rae1 Qd6 18. Nh4 f5 19. Nf3 Bf6 20. Ne2 Nxe6 21. Nf4 Nxf4+ 22. gxf4 Rae8 23. Ne5 c5 24. Rh3 c4 25. Rhe3 Bxe5 26. Rxe5 Rxe5 27. Rxe5 Qh6 28. Qe3 Qxh5 29. Rxd5 h6 30. Re5 Rf6 31. Kf1 Qd1+ 32. Qe1 Qxd4 33. Re7 Rg6 34. Qe2 Qxf4 35. Re8+ Kh7 36. Qe7 Qc1+ 37. Ke2 Qc2+ 0-1

[Event "Chigorin Memorial 25th"]
[Site "St Petersburg"]
[Date "2017.10.28"]
[Round "8"]
[White "Zabolotnov, Evgeny"]
[Black "Efimenko, Aleksandr"]
[Result "1/2-1/2"]
[WhiteElo "2049"]
[BlackElo "1865"]
[PlyCount "135"]
[EventDate "2017.10.21"]
[EventType "swiss"]
[EventRounds "9"]
[EventCountry "RUS"]
[SourceTitle "CBM 181 Extra"]
[Source "ChessBase"]
[SourceDate "2017.12.12"]
[SourceVersion "1"]
[SourceVersionDate "2017.12.12"]
[SourceQuality "1"]

1. d4 d5 2. c4 e6 3. Nc3 c6 4. Bf4 f5 5. e3 Nf6 6. Nf3 Bd6 7. Bd3 0-0 8. 0-0 Qe7 9. Qc2 a6 10. Bxd6 Qxd6 11. cxd5 cxd5 12. Na4 b6 13. Rfc1 Nbd7 14. Qc6 Qxc6 15. Rxc6 b5 16. Nc5 Nxc5 17. Rxc5 Bd7 18. Rac1 Kf7 19. Ne5+ Ke7 20. h3 Rfc8 21. g4 g6 22. Nxd7 Kxd7 23. Rxc8 Rxc8 24. Rxc8 Kxc8 25. gxf5 exf5 26. a4 bxa4 27. Bxa6+ Kc7 28. Bb5 Kb6 29. Bxa4 Ka5 30. Bb3 Kb4 31. Ba2 h6 32. Kg2 g5 33. f4 gxf4 34. exf4 Ka4 35. Kf3 Kb4 36. Ke3 Ka4 37. Kd2 Kb4 38. Kd3 Nh5 39. Ke3 Nf6 40. Bb1 Ne4 41. Bxe4 dxe4 42. b3 Kb5 43. Kd2 Kb4 44. Kc2 Kb5 45. Kc3 Kc6 46. Kc4 Kb6 47. d5 Kc7 48. Kd4 Kb6 49. Kc4 Kc7 50. b4 Kb6 51. b5 Kc7 52. Kd4 Kb6 53. Kc4 Kc7 54. Kd4 Kb6 55. d6 Kb7 56. Kc3 Kb6 57. Kc4 Kb7 58. Kc5 e3 59. b6 e2 60. d7 e1Q 61. d8Q Qc1+ 62. Kb5 Qb2+ 63. Kc4 Qc2+ 64. Kb5 Qb2+ 65. Kc4 Qc2+ 66. Kb4 Qb2+ 67. Kc5 Qc1+ 68. Kb5 1/2-1/2

[Event "Chigorin Memorial 25th"]
[Site "St Petersburg"]
[Date "2017.10.25"]
[Round "5"]
[White "Timerkhanov, Alexander"]
[Black "Zabolotnov, Evgeny"]
[Result "1-0"]
[WhiteElo "2312"]
[BlackElo "2049"]
[PlyCount "67"]
[EventDate "2017.10.21"]
[EventType "swiss"]
[EventRounds "9"]
[EventCountry "RUS"]
[SourceTitle "CBM 181 Extra"]
[Source "ChessBase"]
[SourceDate "2017.12.12"]
[SourceVersion "1"]
[SourceVersionDate "2017.12.12"]
[SourceQuality "1"]

1. e4 c6 2. d4 d5 3. exd5 cxd5 4. Bd3 Nc6 5. c3 Qc7 6. Ne2 Bg4 7. 0-0 e6 8. Qe1 Bxe2 9. Qxe2 Bd6 10. f4 Nf6 11. a4 h5 12. Be3 a6 13. Nd2 Ne7 14. Nf3 Nf5 15. Ne5 Qe7 16. Rae1 Ng4 17. Bf2 Bxe5 18. dxe5 g6 19. Bb6 Qh4 20. h3 Ng3 21. Qf3 Nxf1 22. Rxf1 Nh6 23. Bf2 Qe7 24. g4 hxg4 25. hxg4 0-0-0 26. Re1 Kb8 27. Bf1 d4 28. Bg2 Rd5 29. Qg3 Rd7 30. Bxd4 Rxd4 31. cxd4 Qb4 32. Qc3 Qxa4 33. Rc1 Nxg4 34. Qc7+ 1-0

[Event "Chigorin Memorial 25th"]
[Site "St Petersburg"]
[Date "2017.10.24"]
[Round "4"]
[White "Zabolotnov, Evgeny"]
[Black "Zhai, Mo"]
[Result "1/2-1/2"]
[WhiteElo "2049"]
[BlackElo "2300"]
[PlyCount "73"]
[EventDate "2017.10.21"]
[EventType "swiss"]
[EventRounds "9"]
[EventCountry "RUS"]
[SourceTitle "CBM 181 Extra"]
[Source "ChessBase"]
[SourceDate "2017.12.12"]
[SourceVersion "1"]
[SourceVersionDate "2017.12.12"]
[SourceQuality "1"]

1. d4 e6 2. c4 d5 3. Nc3 Bb4 4. Nf3 Nf6 5. Bg5 h6 6. Bxf6 Qxf6 7. Qa4+ Nc6 8. e3 0-0 9. Be2 Bd7 10. Qc2 dxc4 11. 0-0 Bd6 12. Bxc4 a6 13. Rac1 Qe7 14. Ne4 Rfe8 15. Rfd1 e5 16. Nxd6 cxd6 17. dxe5 dxe5 18. Qb3 Bg4 19. h3 Bh5 20. g4 Bg6 21. Bd5 h5 22. e4 Nb4 23. Qe3 hxg4 24. hxg4 Nxd5 25. Rxd5 Qb4 26. Nxe5 Qxe4 27. Nxg6 Qxg6 28. Qg5 Qxg5 29. Rxg5 Re2 30. b3 Rxa2 31. Rc7 b5 32. Rf5 Rf8 33. Ra7 Rb2 34. Rf3 Ra2 35. Rf5 Rb2 36. Rf3 Ra2 37. Rf5 1/2-1/2

[Event "Chigorin Memorial 25th"]
[Site "St Petersburg"]
[Date "2017.10.22"]
[Round "2"]
[White "Zabolotnov, Evgeny"]
[Black "Makeev, Konstantin"]
[Result "1-0"]
[WhiteElo "2049"]
[BlackElo "1688"]
[PlyCount "61"]
[EventDate "2017.10.21"]
[EventType "swiss"]
[EventRounds "9"]
[EventCountry "RUS"]
[SourceTitle "CBM 181 Extra"]
[Source "ChessBase"]
[SourceDate "2017.12.12"]
[SourceVersion "1"]
[SourceVersionDate "2017.12.12"]
[SourceQuality "1"]

1. d4 g6 2. e4 Bg7 3. c4 d6 4. Nc3 Nh6 5. h4 f6 6. h5 g5 7. Nge2 Nf7 8. Ng3 e6 9. d5 0-0 10. Be2 Re8 11. Be3 c6 12. Qd2 cxd5 13. cxd5 e5 14. 0-0 Nd7 15. Rfc1 a6 16. b4 Nf8 17. Na4 Nd7 18. Bg4 b5 19. Bxd7 Bxd7 20. Nb6 Rb8 21. Nxd7 Qxd7 22. Rc6 Ra8 23. Rac1 Bf8 24. Nf5 Nh6 25. Rc7 Qd8 26. Nxh6+ Bxh6 27. Bb6 Qb8 28. Qe3 Rf8 29. R1c6 Qe8 30. Qh3 Rb8 31. Qf5 1-0

[Event "St Petersburg Summer op"]
[Site "St Petersburg"]
[Date "2017.08.24"]
[Round "9"]
[White "Zabolotnov, Evgeny"]
[Black "Nikitin, Sergey E"]
[Result "0-1"]
[WhiteElo "2015"]
[BlackElo "1827"]
[PlyCount "88"]
[EventDate "2017.08.16"]
[EventType "swiss"]
[EventRounds "9"]
[EventCountry "RUS"]
[SourceTitle "CBM 180 Extra"]
[Source "ChessBase"]
[SourceDate "2017.10.06"]
[SourceVersion "1"]
[SourceVersionDate "2017.10.06"]
[SourceQuality "1"]

1. d4 Nf6 2. c4 e5 3. dxe5 Ng4 4. Nf3 Bc5 5. e3 Nc6 6. Nc3 0-0 7. Be2 Ngxe5 8. Nxe5 Nxe5 9. 0-0 d6 10. b3 Re8 11. Bb2 Bd7 12. Nd5 Bc6 13. Kh1 Qd7 14. Qd2 Bxd5 15. Qxd5 Qc6 16. Qxc6 Nxc6 17. Bf3 a5 18. a3 Ra6 19. Bc3 Rea8 20. Rfb1 f6 21. h4 Kf7 22. g4 Rb6 23. Bd5+ Ke7 24. g5 Nd8 25. gxf6+ gxf6 26. Rg1 Ne6 27. f4 c6 28. Bxe6 Kxe6 29. Rg7 Rxb3 30. f5+ Kxf5 31. Rf1+ Ke4 32. Bxf6 Rxa3 33. Rxh7 Rxe3 34. Re7+ Kd3 35. Rxe3+ Bxe3 36. Rd1+ Kxc4 37. Rxd6 a4 38. h5 Ra5 39. h6 Rh5+ 40. Kg2 Rxh6 41. Kf3 Bc5 42. Re6 Bd4 43. Ke4 Rxf6 44. Rxc6+ Rxc6 0-1

[Event "St Petersburg Summer op"]
[Site "St Petersburg"]
[Date "2017.08.19"]
[Round "4"]
[White "Yatzenko, Anton"]
[Black "Zabolotnov, Evgeny"]
[Result "1-0"]
[WhiteElo "2369"]
[BlackElo "2015"]
[PlyCount "81"]
[EventDate "2017.08.16"]
[EventType "swiss"]
[EventRounds "9"]
[EventCountry "RUS"]
[SourceTitle "CBM 180 Extra"]
[Source "ChessBase"]
[SourceDate "2017.10.06"]
[SourceVersion "1"]
[SourceVersionDate "2017.10.06"]
[SourceQuality "1"]

1. e4 c6 2. d3 d5 3. Nd2 e5 4. Ngf3 Bd6 5. Be2 Nf6 6. 0-0 0-0 7. Re1 Nbd7 8. c3 dxe4 9. dxe4 Nc5 10. Qc2 Bg4 11. b4 Ne6 12. Nc4 Bxf3 13. Bxf3 Bc7 14. a4 Nd7 15. Be3 Qf6 16. Rad1 Rfd8 17. Bg4 Ndf8 18. g3 g6 19. h4 h5 20. Be2 Nh7 21. Na5 Rdb8 22. Rd2 g5 23. hxg5 Nhxg5 24. Bxh5 Nh3+ 25. Kf1 Nhf4 26. gxf4 exf4 27. Bd4 Qh4 28. Bf3 c5 29. Ke2 cxd4 30. cxd4 Qe7 31. Rg1+ Kf8 32. Qc3 Bxa5 33. bxa5 Rc8 34. Qb2 f6 35. d5 Nc5 36. Qb4 Qd6 37. Bg4 Re8 38. Be6 Qa6+ 39. Kf3 b6 40. Qd4 Ke7 41. d6+ 1-0

[Event "St Petersburg Summer op"]
[Site "St Petersburg"]
[Date "2016.08.22"]
[Round "6"]
[White "Zabolotnov, Evgeny"]
[Black "Emdin, Mark"]
[Result "0-1"]
[WhiteElo "1994"]
[BlackElo "2247"]
[PlyCount "78"]
[EventDate "2016.08.17"]
[EventType "swiss"]
[EventRounds "9"]
[EventCountry "RUS"]
[SourceTitle "CBM 174 Extra"]
[Source "ChessBase"]
[SourceDate "2016.10.10"]
[SourceVersion "1"]
[SourceVersionDate "2016.10.10"]
[SourceQuality "1"]

1. d4 g6 2. e4 Bg7 3. c4 d6 4. Nc3 Nd7 5. Be3 c5 6. Nge2 cxd4 7. Nxd4 Ngf6 8. Be2 0-0 9. 0-0 Nc5 10. f3 Ne8 11. Qd2 Ne6 12. Nb3 f5 13. exf5 gxf5 14. f4 Bd7 15. Bf3 Bc6 16. Nb5 Nf6 17. N3d4 Nxd4 18. Bxd4 e5 19. Bc3 Qb6+ 20. Qf2 e4 21. Qxb6 axb6 22. Be2 Bxb5 23. cxb5 Kf7 24. Rfd1 Ne8 25. Bxg7 Kxg7 26. a3 Rd8 27. Rac1 d5 28. Rd4 Kf6 29. Bh5 Ng7 30. Bd1 Ne6 31. Rd2 Nxf4 32. Rc7 e3 33. Rdc2 Rf7 34. Rxf7+ Kxf7 35. g3 Ne6 36. Kf1 Kf6 37. b4 d4 38. Re2 f4 39. Kg2 Ke5 0-1